000 00764pam a2200229 a 4500
001 2487199
005 20180222070214.0
008 910610s1992 nyua be 001 0 eng
010 _a 91023241
020 _a0442263643
040 _aDLC
_cDLC
_dDLC
041 _aeng
080 _a520.3 sag
082 0 0 _a520.3 sag
_220
100 _a42
101 _aast
245 0 4 _aThe Astronomy and astrophysics encyclopedia /
_cedited by Stephen P. Maran ; foreword by Carl Sagan.
504 _aIncludes bibliographical references and index.
906 _a7
_bcbc
_corignew
_d1
_eocip
_f19
_gy-gencatlg
942 _2ddc
_cBK
999 _c43182
_d43182